Afghanistan's regional dilemmas: South Asia and beyond (Record no. 8837)
[ view plain ]
| 000 -LEADER | |
|---|---|
| fixed length control field | 00527nam a2200181Ia 4500 |
| 020 ## - INTERNATIONAL STANDARD BOOK NUMBER | |
| ISBN | 9788125063223 |
| 082 ## - DEWEY DECIMAL CLASSIFICATION NUMBER | |
| Classification number | 327.581054 AFG- |
| 245 #0 - TITLE STATEMENT | |
| Title | Afghanistan's regional dilemmas: South Asia and beyond |
| 260 ## - PUBLICATION, DISTRIBUTION, ETC. (IMPRINT) | |
| Place of publication | New Delhi |
| Name of publisher | Orient Blackswan |
| Year of publication | 2016 |
| 300 ## - PHYSICAL DESCRIPTION | |
| Number of Pages | xiv, 180p |
| 440 ## - SERIES STATEMENT/ADDED ENTRY--TITLE | |
| Title | Strategic studies |
| 504 ## - BIBLIOGRAPHY, ETC. NOTE | |
| Bibliography, etc | includes index |
| 650 ## - SUBJECT ADDED ENTRY--TOPICAL TERM | |
| Topical Term | Afganistan |
| Form subdivision | Foreign Relations |
| Geographic subdivision | South Asia |
| 650 ## - SUBJECT ADDED ENTRY--TOPICAL TERM | |
| Topical Term | South Asia |
| Form subdivision | Foreign Relations |
| Geographic subdivision | Afganistan |
| 650 ## - SUBJECT ADDED ENTRY--TOPICAL TERM | |
| Topical Term | Istambul Protocol |
| 700 ## - ADDED ENTRY--PERSONAL NAME | |
| Personal name | Pant, Harsh V. |
| 942 ## - ADDED ENTRY ELEMENTS (KOHA) | |
| Koha item type | Books |
| Withdrawn status | Lost status | Damaged status | Not for loan | Home library | Current library | Date acquired | Source of acquisition | Bill Date | Full call number | Accession Number | Price effective from | Koha item type |
|---|---|---|---|---|---|---|---|---|---|---|---|---|
| NASSDOC Library | NASSDOC Library | 27/03/2017 | OP | 2017-03-21 | 327.581054 AFG- | 49121 | 18/04/2019 | Books |
